| Tag |
First Indicator |
Second Indicator |
Subfields |
| LEADER |
00000cam a2200000 a 4500 |
| 001 |
in00000071651 |
| 005 |
20151008062329.0 |
| 008 |
790912s1979 fr a b i10000 engm |
| 010 |
|
|
|a 79313532
|
| 015 |
|
|
|a F***
|
| 020 |
|
|
|a 9264118934 (v. 2) :
|c $40.00 (U.S., v. 2)
|
| 035 |
|
|
|a (OCoLC)05567169
|
| 035 |
|
|
|9 AAJ9993AM
|
| 040 |
|
|
|a DLC
|c DLC
|d TXA
|d UtOrBLW
|
| 049 |
|
|
|a TXAM
|v 1 [1502009]
|
| 050 |
0 |
0 |
|a HD1405
|b .A37
|
| 082 |
0 |
|
|a 338.1
|2 19
|
| 245 |
0 |
0 |
|a Agriculture in the planning and management of peri-urban areas.
|
| 264 |
|
1 |
|a Paris :
|b Organisation for Economic Co-operation and Development ;
|a [Washington, D.C.] :
|b [sold by OECD Publications and Information Center],
|c 1979.
|
| 300 |
|
|
|a 2 volumes :
|b illustrations ;
|c 27 cm.
|
| 336 |
|
|
|a text
|b txt
|2 rdacontent
|
| 337 |
|
|
|a unmediated
|b n
|2 rdamedia
|
| 338 |
|
|
|a volume
|b nc
|2 rdacarrier
|
| 500 |
|
|
|a Volume 2 includes contributions prepared for an experts meeting organized by the OECD and held Nov. 14-18, 1977 in Paris.
|
| 504 |
|
|
|a Includes bibliographical references.
|
| 505 |
0 |
|
|a v. 1. Synthesis
|
| 610 |
2 |
0 |
|a Organisation for Economic Co-operation and Development.
|
| 650 |
|
0 |
|a Agriculture
|x Economic aspects
|v Congresses.
|
| 650 |
|
0 |
|a Land use
|v Congresses.
|
| 710 |
2 |
|
|a Organisation for Economic Co-operation and Development.
|
| 740 |
0 |
|
|a Peri-urban areas.
|
| 999 |
|
|
|a MARS
|
| 999 |
f |
f |
|s 56ce589a-71c1-3095-96ae-a9703f36e502
|i ee1ade0a-e471-3b67-9926-0c08db9bed3c
|t 0
|
| 952 |
f |
f |
|p ric
|a Texas A&M University
|b Rellis Campus
|c Joint Library Facility
|d Remote Storage
|t 0
|e HD1405 .A37
|h Library of Congress classification
|i unmediated -- volume
|k v.1
|m A14806125944
|
| 952 |
f |
f |
|p ric
|a Texas A&M University
|b Rellis Campus
|c Joint Library Facility
|d Remote Storage
|t 0
|e HD1405 .A37
|h Library of Congress classification
|i unmediated -- volume
|k v.2
|m A14806472600
|
| 998 |
f |
f |
|a HD1405 .A37
|s v.1-v.2
|t 0
|l Remote Storage
|